Statystyki dla Największe miasta w Chorwacji

Kliknij tutaj aby rozwiązać quiz!

Ogólne statystyki

  • Ten quiz został rozwiązany 554 razy
  • Średni wynik to 5 z 10

Statystyki odpowiedzi

Liczba ludnościMiasto% Poprawnych
790,000Zagrzeb
100%
178,000Split
91%
128.000Rijeka
72%
75.000Zadar
67%
57,460Pula
55%
108,000Osijek
52%
55,000Karlovac
25%
59,000Slavonski Brod
14%
47,000Sisak
9%
63,000Velika Gorica
5%

Rozkład punktacji

Percentyl według liczby udzielonych odpowiedzi

Procent ludzi z każdym wynikiem

Twoja historia wyników

Nie rozwiązałeś tego quizu